[Event "Monarch Assurance 15th"]
[Site "Port Erin"]
[Date "2006.09.28"]
[Round "6"]
[White "Shabalov, Alexander"]
[Black "Areshchenko, Alexander"]
[Result "1/2-1/2"]
[WhiteElo "2604"]
[BlackElo "2641"]
[Annotator "Ftacnik,L"]
[PlyCount "46"]
[EventDate "2006.09.23"]
[EventType "swiss"]
[EventRounds "9"]
[EventCountry "IOM"]
[SourceTitle "CBM 114 Extra"]
[Source "ChessBase"]
[SourceDate "2006.11.03"]
[SourceVersion "1"]
[SourceVersionDate "2006.11.03"]
[SourceQuality "1"]

1. e4 c5 2. Nf3 d6 3. d4 cxd4 4. Nxd4 Nf6 5. Nc3 a6 6. Bg5 e6 7. f4 Qb6 8. Qd2
Qxb2 9. Rb1 Qa3 10. e5 dxe5 11. fxe5 Nfd7 12. Ne4 h6 13. Bb5 $5 {Chess theory
is a very interesting labyrinth! The spectacular line played in the game
belongs to the past, since Black is able to withstand the bonfire of White's
sacrifices.} hxg5 14. Rb3 Qxa2 15. Qc3 axb5 16. Qxc8+ Ke7 17. O-O (17. Nd6 Nc6
18. O-O (18. Qxc6 Qa1+ 19. Rb1 Qxd4 20. Qxb7 Qxe5+ 21. Kf2 Ra4 22. Rhd1 Rf4+
23. Kg1 Qe3+ {0-1 Loman,J-Bakker,S/Hengelo 1994/ (25)}) 18... Ncxe5 (18... Rxc8
$2 19. Rxf7+ Kd8 20. Nxe6#) 19. Qc7 (19. N4f5+ exf5 20. Nxf5+ Kf6 21. Qc7 Kg6
$19 {0-1 Martinez,N-Vera/Cuba/1984/}) 19... Qa7 20. Re3 f6 21. Rd1 Qc5 22. Qxb7
Re8 23. N6f5+ exf5 24. Nxf5+ Kf7 {0-1 Martin,A (2445)-Huenerkopf,H (2255)/
London 1984/ (30)}) 17... Qa7 {Both sides have to know exactly what they are
doing, it is difficult to find scope for improvements.} (17... Nc6 $6 18. Rxf7+
Kxf7 19. Qxd7+ Be7 20. Qxe6+ Ke8 21. Nd6+ Kd8 22. Nxb7+ Kc7 23. Qxc6+ Kb8 24.
Qd7 Qa1+ 25. Kf2 {Maliszewski,L-Wisniewski/Poznan-ch corr/1993/} Rf8+ $13) 18.
Rd3 $1 Nxe5 $1 (18... f5 19. exf6+ $6 (19. Rxf5 $3 exf5 20. Nd6 $18) (19. Nd6
$2 Nc6 $19) 19... gxf6 20. Rxf6 Rh6 21. Rxh6 Bxh6 22. Kf1 Nf8 23. Qc7+ Nbd7 24.
Qd6+ Kf7 25. Nxe6 Qa1+ 26. Rd1 {1/2 Vlasov,I-Shalnev,N/Sokobanja 1989/ (34)})
19. Nc5 $146 {[%mdl 4] New move, that unpins the d4 knight for serious jumps.
Areshchenko will be able to cope with spirited defense.} (19. Rxf7+ Nxf7 20.
Qxe6+ Kd8 21. Kf1 Qa1+ 22. Ke2 Qa2 23. Nb3+ Kc7 (23... Nd6 24. Nxd6 Qxc2+ 25.
Rd2 Qc6 $19) 24. Qxf7+ Kb6 25. Qf2+ Kc7 26. Nc3 Qxc2+ 27. Nd2 Qxd3+ 28. Kxd3
Ra3 29. Ndb1 Rxc3+ 30. Nxc3 Nd7 {1/2 Papp,G (2300)-Womacka,M (2423)/Budapest
2006/ (61)}) 19... Nbd7 (19... g6 20. Nf5+ Kf6 21. Qd8+ $18) 20. Nf5+ $1 exf5
21. Rxd7+ Kf6 (21... Nxd7 $2 22. Qxd7+ Kf6 23. Qxf5+ Ke7 24. Qd7#) 22. Rxf7+
Kg6 $1 (22... Kxf7 $2 23. Qe6#) 23. Qxf5+ Kh6 (23... Kh6 24. Qh3+ Kg6 25. Qf5+
$11) 1/2-1/2

[Event "RUS-ch Higher League 60th"]
[Site "Krasnoyarsk"]
[Date "2007.09.11"]
[Round "8"]
[White "Shomoev, Anton"]
[Black "Nechepurenko, Roman V"]
[Result "1-0"]
[WhiteElo "2561"]
[BlackElo "2510"]
[Annotator "Ftacnik,L"]
[PlyCount "67"]
[EventDate "2007.09.03"]
[EventType "swiss"]
[EventRounds "11"]
[EventCountry "RUS"]
[SourceTitle "CBM 120"]
[Source "ChessBase"]
[SourceDate "2007.10.02"]
[SourceVersion "1"]
[SourceVersionDate "2007.10.02"]
[SourceQuality "1"]

1. e4 c5 2. Nf3 d6 3. d4 cxd4 4. Nxd4 Nf6 5. Nc3 a6 6. Bg5 e6 7. f4 Qb6 8. Qd2
Nc6 {This line is becoming very popular as an alternative to the supersharp 8..
.Qxb2.} 9. Bxf6 gxf6 10. Nb3 Bd7 11. Be2 Rg8 {Black seems to have only two
solutions how to cope with white's unpleasant idea Bh5. The alternative 11...
h5 stops it at a cost of exposing the isolated pawn.} 12. Bh5 Rg7 13. O-O-O
O-O-O 14. Kb1 Kb8 15. Rhf1 Na5 (15... Be7 16. g3 Rc8 $13) 16. Nxa5 Qxa5 17. f5
Qe5 {Nechepurenko centralizes the queen in the belief, that control of the
dark squares will promise equality.} (17... exf5 18. exf5 Bxf5 19. Bf3 $14) 18.
g4 (18. g3 Rc8 19. Rf4 Rc6 $11) 18... Bc6 (18... Be7 $2 19. Nd5 $1 Bf8 20. fxe6
fxe6 21. Nxf6 $16) 19. Rfe1 Be7 (19... Rc8 20. Nd5 Bb5 21. Qf2 $14) 20. Nd5 $1
{[%mdl 64] The tactics works fine for Shomoev and Black is under lot of
pressure.} Bf8 (20... exd5 21. exd5 Qxd5 22. Qh6 $18) (20... Rd7 $2 21. Qh6 Bf8
22. Nxf6 $16) 21. Qf2 Rc8 (21... exd5 $2 22. exd5 Bxd5 23. Rxe5 dxe5 24. Rd3
$18) 22. Nb6 $5 (22. h4 Bd7 $14) 22... Rc7 $2 {The defender has not realized,
that the main motif will work for White even if he brings the rook to d5. Much
more challenging was 22...Rd8!} (22... Rd8 $1 23. fxe6 (23. Rd5 exd5 24. exd5
Bxd5 25. Rxe5 dxe5 26. Nxd5 Rxd5 $13) 23... fxe6 24. Nc4 (24. Rd5 $5 exd5 25.
exd5 Qg5 (25... Bxd5 26. Rxe5 dxe5 27. Qxf6 Kc7 28. b4 $1) 26. h4 $1 Qh6 27.
dxc6 bxc6 28. Nc4 c5 29. Na5 Rc7 30. Be8 $14) 24... Qg5 25. h4 Qh6 26. Na5 Rc7
(26... Be8 27. Qb6 Rc8 28. Bxe8 Rxe8 29. Re3 Rc8 30. Rb3 $16) 27. Nxc6+ Rxc6
28. Bf7 e5 29. Bd5 $16) 23. Rd5 $1 exd5 24. exd5 Be8 (24... Qe8 25. Rxe8+ Bxe8
26. Qe3 $16) 25. Rxe5 dxe5 (25... fxe5 26. Qh4 Ka7 27. Qd8 Kxb6 28. f6 Rg8 29.
Qxe8 $18) 26. Qd2 Ka7 (26... Bd6 27. Qh6 $18) 27. d6 $1 {The advance of the
d-pawn decides things immediately as Black is unable to put up any resistance
with his rook on g7.} Rc6 (27... Kxb6 28. Qb4+ Ka7 29. dxc7 Bxb4 30. c8=Q $18)
(27... Bxd6 28. Qxd6 Rc6 29. Qf8 $18) 28. d7 Bxd7 29. Nxd7 Rd6 30. Qe3+ b6 (
30... Ka8 31. Nb6+ Kb8 32. b3 $18) 31. Nxf8 $1 Rd1+ 32. Qc1 Rxc1+ 33. Kxc1 Kb7
34. Nd7 1-0

[Event "Corus"]
[Site "Wijk aan Zee"]
[Date "2007.01.23"]
[Round "9"]
[White "Anand, Viswanathan"]
[Black "Van Wely, Loek"]
[Result "1-0"]
[WhiteElo "2779"]
[BlackElo "2683"]
[Annotator "Ftacnik,L"]
[PlyCount "81"]
[EventDate "2007.01.13"]
[EventType "tourn"]
[EventRounds "13"]
[EventCountry "NED"]
[EventCategory "19"]
[SourceTitle "CBM 117"]
[Source "ChessBase"]
[SourceDate "2007.03.30"]
[SourceVersion "1"]
[SourceVersionDate "2007.03.30"]
[SourceQuality "1"]

1. e4 c5 2. Nf3 d6 3. d4 cxd4 4. Nxd4 Nf6 5. Nc3 a6 6. Bg5 e6 7. f4 Qb6 8. Qd2
Qxb2 9. Rb1 Qa3 10. e5 h6 11. Bh4 dxe5 12. fxe5 Nfd7 13. Ne4 {[%mdl 4] The
violent line with 10.e5 has suddenly entered the tournament arena. Many
questions are remaining open...} (13. Be2 Be7 14. Bg3 Bg5 15. Qd3 Nc5 16. Qf3
O-O 17. h4 (17. O-O Nbd7 18. Kh1 Rb8 19. h4 Bd8 20. Bf4 Bc7 21. Qg3 Kh8 22. Rf3
Qa5 {1/2 Pichler,J (2325)-Yuferov,S (2435)/Moscow 1990/ (74)}) 17... Bd8 18.
O-O Nbd7 19. Kh1 b5 20. Rb3 Nxb3 21. axb3 Ra7 22. Ne4 Bb7 23. Qe3 Bxe4 24. Qxe4
Re8 25. Bd3 Nf8 $15 {1-0 Matanovic,A-Minic,D/Kragujevac 1959/ (51)}) (13. Rb3
Qa5 14. Be2 Nxe5 15. O-O Nbd7 16. Kh1 Ng6 17. Qe3 Nxh4 18. Nxe6 fxe6 19. Qxe6+
Kd8 20. Nd5 Nf6 21. Qf7 Bd6 22. Nxf6 Qe5 23. Ng4 Bxg4 {0-1 Hlusevich,S (2375)
-Doroshkievich,V (2390)/Soviet Union 1986/}) 13... Qxa2 (13... Qa4 14. Be2 $1
Nc6 $2 15. Nxe6 g5 16. Nf6+ {1-0 Radjabov-Anand/W-ch Blitz/2006/}) 14. Rd1 (14.
Rb3 Qa1+ 15. Kf2 Qa4 16. Bb5 axb5 17. Nxb5 Bc5+ 18. Nxc5 Qxh4+ 19. g3 Qd8 20.
Qd6 (20. Nd6+) 20... Nxc5 21. Nc7+ Qxc7 22. Qxc7 Nba6 {Kortschnoj,V-Tolush/
URS-ch/1958/0-1 (39)}) 14... Qd5 {This move was suggested by Kasparov. Black
is falling behind in the development, but collecting material on the road..} (
14... Nc6 15. Nxc6 bxc6 16. Be2 Qa4 17. Qf4 Qa5+ 18. c3 g5 19. Rxd7 Bxd7 20.
Nf6+ Kd8 21. Qd4 Qc7 22. Bf2 Kc8 $17 {1/2 Nataf,I (2559)-Perunovic,M (2549)/
Herceg Novi 2005/ (49)}) (14... Qb2 15. Qe3 Bc5 16. Be2 Nc6 17. c3 Qa3 18. O-O
O-O 19. Nf6+ Nxf6 20. Bxf6 Nxd4 21. Rxd4 Bxd4 22. Qxd4 gxf6 23. exf6 Qa5 24. h4
$13 {1-0 Radjabov,T (2729)-Karjakin,S (2672)/Cap d'Agde 2006/ (33)}) 15. Qe3
Qxe5 16. Be2 (16. Bg3 Qa5+ 17. c3 Qb6 18. Be2 Be7 19. O-O O-O 20. Rb1 Qd8 21.
Rxf7 Rxf7 22. Nxe6 Qa5 23. Nc7 Ne5 24. Nxa8 Nbc6 25. Nb6 Bg4 $17 {Docx-Roeder/
BEL-chT/2006/}) 16... Bc5 17. Bg3 Bxd4 18. Rxd4 Qa5+ 19. Rd2 O-O 20. Bd6 Nc6 $5
{The first truly independent move. Van Wely is ready to part with some
material in order to get his pieces to work.} (20... Rd8 21. Qg3 (21. O-O Qb6
$17) 21... Qf5 22. Be5 Qg6 23. Qh4 Nc6 {Motylev,A-Anand,V/Corus/2007/}) (20...
Re8 $5) 21. Bxf8 (21. O-O Qb6 $5) 21... Nxf8 22. O-O {The situation is quite
complex. White has the exchange and initiative, but he sacrificed three pawns
on the road to here.} Bd7 (22... e5 $5 23. Nd6 f6 24. Rb1 Rb8 25. Nxc8 Rxc8 26.
Rxb7 Nd4 $13) (22... Qe5 $6 23. Qf2 $1 f5 24. Nd6 $36) (22... Nd7 23. Nd6 Nde5
24. c4 Qb4 25. c5 f5 $13) 23. Nd6 Ne5 $1 (23... Nd8 24. Nc4 $1 Qc7 25. Qb6 Rc8
(25... Qc6 $2 26. Rfd1 $1 $18) 26. Qxc7 Rxc7 27. Ne5 Nc6 28. Nxf7 Ng6 $14) (
23... Qe5 24. Qf2 $1 f6 25. Nxb7 $14) 24. Nxb7 Qc7 25. Nd6 {Anand has managed
to regain one of the pawns, while Black has improved the coordination of his
pieces.} (25. Nc5 Bb5 $1 $11) 25... f6 (25... Qa7 26. Rd4 Nc6 27. Rd3 Qxe3+ 28.
Rxe3 $14) (25... Nfg6 $5 26. Bh5 f6 $13) 26. c4 (26. Qg3 Nfg6 27. Bh5 Qa7+ 28.
Kh1 Kh7 $13) 26... Bc6 27. Ra1 Nfd7 28. Qd4 (28. Bg4 Nc5 $1 29. Qxc5 Nxg4 $11)
28... a5 29. Nb5 Qb6 $6 {Van Wely's desire to exchange the queens is rather
understandable, but much stronger was 29...Qb7! with unpleasant counterplay.} (
29... Bxb5 $2 30. cxb5 Qc5 31. Qxc5 Nxc5 32. Rc2 Nb3 33. Ra4 $16) (29... Qb7 $1
30. Qd6 (30. Bf1 a4 $1) (30. Nd6 $5 Qb4 31. Rb2 Qc5 $13) 30... Bxg2 31. Bg4 $1
(31. Qxe6+ Kh8 32. Nd6 Qc6 33. Nf7+ Nxf7 34. Qxd7 Ne5 35. Qxc6 Bxc6 $11) 31...
Nxg4 32. Qxe6+ Kh8 33. Rxg2 Nge5 34. Qe7 Rg8 $13) 30. Qxb6 Nxb6 31. Rd6 $1 Nbd7
(31... Bxb5 $6 32. cxb5 Rb8 33. Rxe6 Kf7 34. Rd6 a4 35. Bd1 $16) 32. Nd4 (32.
Nc7 Rc8 33. Nxe6 a4 34. c5 $16) 32... Be4 33. Nxe6 {Black can now claim only
one pawn for the exchange, white forces are nicely coordinated.} a4 (33... Rb8
34. Rxa5 Rb2 35. Bf1 Rb1 36. Ra7 $1 $18) (33... Kf7 34. Nc7 Rc8 35. Nb5 $1 $16)
34. Nc7 (34. c5 Ra5 $1) 34... Ra5 $2 (34... Rc8 35. Nd5 Ra8 36. Ra3 $14) (34...
Rb8 35. Rxa4 Rb2 36. Bf1 Rb1 37. Nd5 Bd3 38. Ne3 Bxf1 39. Nxf1 Nb6 $14) 35. Ra6
$1 Rxa6 36. Nxa6 {After the exchange of rooks White's chances for a win have
improved even futher.} Bc6 37. c5 $1 Bb7 (37... Kf7 38. Nb4 $5 (38. Bd1 Nd3 39.
Bxa4 Bxa4 40. Rxa4 N3xc5 41. Nxc5 Nxc5 42. Ra5 $16) 38... Ke6 39. Nxc6 Nxc6 40.
Bc4+ Ke5 41. Bb5 Kd5 42. Bxa4 $16) 38. Rc1 $1 (38. Rxa4 $6 Bxa6 39. Rxa6 Nxc5
40. Ra7 $16) 38... Nc6 39. Nc7 Nd4 $2 {The blunder speeds up the decision..} (
39... a3 40. Nb5 a2 41. Bc4+ $18) 40. Bc4+ Kf8 41. Rd1 $1 1-0

[Event "Seville op 32nd"]
[Site "Seville"]
[Date "2007.01.11"]
[Round "5"]
[White "Spraggett, Kevin"]
[Black "Komljenovic, Davorin"]
[Result "1-0"]
[WhiteElo "2633"]
[BlackElo "2481"]
[Annotator "Ftacnik,L"]
[PlyCount "41"]
[EventDate "2007.01.07"]
[EventType "swiss"]
[EventRounds "9"]
[EventCountry "ESP"]
[SourceTitle "CBM 116 Extra"]
[Source "ChessBase"]
[SourceDate "2007.03.07"]
[SourceVersion "1"]
[SourceVersionDate "2007.03.07"]
[SourceQuality "1"]

1. e4 c5 2. Nf3 d6 3. d4 cxd4 4. Nxd4 Nf6 5. Nc3 a6 6. Bg5 e6 7. f4 Qb6 8. Qd2
Qxb2 9. Nb3 Nbd7 10. Bxf6 gxf6 11. Rb1 Qa3 12. Be2 b5 13. O-O Bb7 14. f5 Rc8 {
Komljenovic was probably not quite aware of the dangers in the position. Black
players have usually feared white's bishop attack so much as to play 14...h5.}
(14... h5 15. fxe6 fxe6 16. Qe3 (16. Nd4 Qc5 17. Kh1 Ke7 18. Ncxb5 Bh6 19. Qd1
Bxe4 20. Nxe6 Kxe6 $19 {0-1 Todorovic,G (2540)-Marjanovic,S (2470)/Budva 2004/
(43)}) 16... Rc8 17. Qa7 Rxc3 18. Qxb7 Rxc2 19. Bd3 Rc3 20. e5 d5 21. Bg6+ Kd8
22. Rfc1 $18 {1-0 Luther,T (2538)-Vouldis,A (2526)/Bled 2002/ (27)}) 15. Bh5
Ke7 $6 (15... exf5 16. Rxf5 Be7 $13) (15... e5 16. Rbe1 Qb4 17. Rf3 $13) 16.
Rbd1 Ne5 $2 {[%mdl 256] The second move is not adressing the dangers against
the vulnerable d6 spot.} (16... Rc6 17. Nb1 Qxa2 18. Nd4 (18. Na5 Qxc2 19. Nxb7
(19. Qxc2 Rxc2 20. Nxb7 Bh6) 19... Qxd2 20. Nxd2 Bh6 $13) 18... Rc7 19. Bxf7 $1
$40) 17. fxe6 $1 (17. Nb1 Nc4 18. Nxa3 Nxd2 19. Nxd2 Bh6 20. fxe6 fxe6 21. Bf3
$16) 17... fxe6 (17... Kxe6 18. Qf2 Bg7 19. Qg3 Rhg8 20. Nxb5 $18) 18. Nb1 Nc4
(18... Qa4 19. Qxd6#) 19. Qf2 (19. Qf4 Qb2 20. c3 Bg7 21. Rf2 $18) 19... Qb2
20. Qa7 $1 {Spraggett demonstrates a sharp eye, Black is horribly
uncoordinated..} Rc7 21. Qb8 1-0

[Event "Bundesliga 0607"]
[Site "Germany"]
[Date "2007.04.01"]
[Round "15.3"]
[White "Shirov, Alexei"]
[Black "Ftacnik, Lubomir"]
[Result "1/2-1/2"]
[WhiteElo "2720"]
[BlackElo "2582"]
[Annotator "Ftacnik,L"]
[PlyCount "118"]
[EventDate "2006.10.28"]
[EventType "team-tourn"]
[EventRounds "15"]
[EventCountry "GER"]
[SourceTitle "CBM 118"]
[Source "ChessBase"]
[SourceDate "2007.05.31"]
[SourceVersion "1"]
[SourceVersionDate "2007.05.31"]
[SourceQuality "1"]
[WhiteTeam "Baden-Baden"]
[BlackTeam "Hamburger SK"]
[WhiteTeamCountry "GER"]
[BlackTeamCountry "GER"]

1. e4 c5 2. Nf3 d6 3. d4 cxd4 4. Nxd4 Nf6 5. Nc3 a6 6. Bg5 e6 7. f4 Qb6 8. Qd2
Qxb2 9. Rb1 Qa3 10. e5 h6 11. Bh4 dxe5 12. fxe5 Nfd7 13. Ne4 Qxa2 14. Rd1 Qd5
15. Qe3 Qxe5 16. Be2 Bc5 17. Bg3 Bxd4 18. Rxd4 Qa5+ 19. Rd2 O-O 20. Bd6 Re8 {
Both players were following examples of great predecesors. The ultra sharp
variation is enjoying the attention of the world's top players.} (20... Nc6 21.
O-O (21. Bxf8 Kxf8 (21... Nxf8 22. O-O Bd7 23. Nd6 Ne5 24. Nxb7 Qc7 25. Nd6 f6
26. c4 Bc6 27. Ra1 Nfd7 28. Qd4 a5 {1-0 Anand,V-Van Wely,L/Wijk aan Zee 2007 
(41)}) 22. O-O Qb6 $4 23. Rxf7+ $1 Kg8 24. Rxg7+ {1-0 Luther,T-Ftacnik,L/
Germany/2007/}) 21... f5 22. Bxf8 Nxf8 23. Nd6 b5 24. Bf3 Bd7 25. Nxf5 exf5 26.
Rxd7 Nxd7 27. Bxc6 Rd8 28. Bxd7 {1-0 Shirov,A-Gouliev,N/Calatrava/2007/}) (
20... Rd8 21. Qg3 Qf5 22. Be5 Qg6 23. Qh4 Nc6 24. O-O f5 25. Bh5 Qh7 26. Bb2
fxe4 27. Rf7 Rf8 28. Qf2 Rxf7 29. Qxf7+ Kh8 30. Rf2 e5 31. Qd5 Nf6 {0-1
Motylev,A-Anand,V/Wijk aan Zee 2007}) 21. O-O f5 $2 (21... Nc6 $5 22. Qg3 (22.
Qf4 f6 23. Qg3 Kh8 24. Bc7 b6 $13) 22... f5 23. Qg6 Qd8 24. Bh5 Re7 $13) 22.
Qg3 $6 {[%mdl 4] Anand was at the last Bundesliga double round in Baden Baden
and after the game had a lot to contribute to the long and fascinating post
mortem. In his opinion this line is not playable for Black due to the move 22.
Bh5!} (22. Bh5 $1 Rd8 (22... Qd8 23. Ng3 $1 Nc6 24. Bxe8 Qxe8 25. Nxf5 $16) (
22... fxe4 23. Bxe8 Nf6 24. Rxf6 $1 gxf6 25. Qxh6 Qg5 26. Bf7+ Kxf7 27. Qf8+
Kg6 28. Qg8+ Kh5 29. Qf7+ $18) 23. Qg3 (23. Nf2 Nc6 24. Qxe6+ Kh8 $17) (23. Be7
fxe4 24. Bf7+ Kh8 25. Rf6 Qa1+ 26. Rf1 Qa5 27. Rf6 $11) 23... fxe4 (23... Qb6+
24. Kh1 fxe4 25. Bc7 Qb5 26. Rf7 Qg5 27. Qxg5 hxg5 28. Bxd8 Nc6 29. Bxg5 g6 30.
Bxg6 Nce5 31. Rfxd7 Bxd7 32. Bxe4 Bc6 $11) 24. Rf7 Qg5 $8 (24... Qb6+ 25. Rdf2
Qb2 26. Be7 $18 (26. Qg6 Qd4 (26... e3) 27. Bc5 Nxc5 28. c3 Qe5 (28... Qd1+ 29.
Bxd1 Rxd1+ 30. Rf1 Rxf1+ 31. Kxf1 $18) 29. Rf8+ $1 $18)) 25. Be5 $1 (25. Qxg5
$2 hxg5 26. Be5 Kh7 $1 (26... Nxe5 27. Rxd8+ Kh7 28. Rff8 g6 29. Rxc8 gxh5 30.
Rxb8 Ra7 31. Rf6 b5 32. Rxe6 Nc4 33. Rxe4 $16) 27. Bxg7 Rg8 28. Bb2+ Kh6 29.
Bg4 Nc6 30. Rdxd7 Bxd7 31. Rxd7 Rge8 $17) 25... Qxg3 (25... Qxe5 26. Qxe5 Nxe5
27. Rxd8+ Kh7 28. Rff8 g6 29. Rxc8 gxh5 30. Rxb8 $16) 26. hxg3 Nxe5 27. Rxd8+
Kh7 28. Rff8 g6 29. Rxc8 gxh5 30. Rxb8 Ra7 (30... Rxb8 31. Rxb8 Kg6 32. Rxb7
Kf5 33. Rb6 $16) 31. Rf6 b5 32. Rxe6 Ng4 33. Rxe4 Rd7 34. Kf1 $16) 22... Nc6 (
22... fxe4 23. Qg6 Rd8 (23... Qd8 24. Rf7 Qb6+ 25. Kh1 Qb2 26. Rxg7+ Qxg7 27.
Qxe8+ Kh7 28. Qxc8 $18) 24. Rf7 Qc3 (24... Qb6+ 25. Kh1 Qb2 26. Bc5 Rf8 27.
Bxf8 Nxf8 28. Rd8 Qa1+ 29. Rf1 $18) 25. Bg4 Nc6 26. Rdf2 e3 27. Rf1 Qd4 28. c3
Qxc3 29. Bxe6 $18) 23. Qg6 (23. Bh5 $2 fxe4 24. Bf7+ Kh8 25. Rdf2 Rd8 26. Bxe6
Qg5 $19) 23... Qd8 24. Bc4 (24. Bh5 Re7 (24... fxe4 $2 25. Rf7 Qb6+ 26. Rdf2
Qb2 27. Rxg7+ Qxg7 28. Qxe8+ $18) 25. Bxe7 Qxe7 26. Nd6 Nde5 27. Qg3 $13) 24...
Kh8 $1 {I was very lucky to have this resource at my defensive disposal.
Shirov was using a lot of time in order to find the real refutation of Black's
daring strategy. Fortunately at this stage there probably wasn't one.} (24...
fxe4 $2 25. Rf7 Qb6+ 26. Rdf2 Qd4 27. Rxg7+ Qxg7 28. Qxe8+ $18) 25. Ng5 (25.
Bxe6 $2 Rxe6 26. Qxe6 Nf6 27. Qf7 Nxe4 28. Bf8 Qg5 $19) 25... Qxg5 (25... hxg5
26. Rxf5 $1 Nf6 27. Rxf6 gxf6 28. Bc5 Bd7 (28... Qxd2 29. Qxe8+ Kh7 (29... Kg7
30. Bf8+ Kh8 31. Be7+ $18) 30. Qf7+ Kh8 31. Qxf6+ Kg8 32. Qf8+ Kh7 33. Bd3+
Qxd3 34. Qf7+ Kh8 35. cxd3 $18) 29. Rd3 g4 30. Qh5+ Kg7 31. Qxg4+ $18) 26.
Qxe8+ Kh7 27. Qxe6 (27. Bxe6 $2 Nf6 28. Qxc8 Rxc8 29. Bf4 Qg6 30. Bxc8 Ne4 $17)
(27. Bf4 $1 Qg6 28. Qxe6 Qxe6 29. Bxe6 Nf6 30. Bc4 $14) 27... Nf6 (27... Qxd2
$2 28. Qg8+ Kg6 29. Bf7+ Kf6 30. Rxf5+ $1 Kxf5 31. Qh7+ $18) 28. Qe2 $6 {
White felt frustrated, that despite a huge effort he was not able to get
anything real and the black pieces are coming out. The next few moves are
sloppy and suddenly he will face huge problems.} (28. Qe1 Ne4 29. Rd1 Qg6 30.
Bf4 Be6 $11) 28... Ne4 29. Rd3 Qg6 30. Ba3 $2 (30. Bf4 Be6 31. Bxe6 Qxe6 32.
Rfd1 Re8 $15) 30... Ne5 31. Rd4 (31. Re3 Qb6 32. Bc1 Nxc4 33. Qxc4 Be6 34. Qe2
Rc8 35. Re1 a5 $17) 31... Qb6 32. Rfd1 Nc6 (32... Bd7 33. Bc1 Rc8 34. Bb3 Nc6
35. Be3 Nxd4 36. Rxd4 Qc6 $17) (32... Nc3 $2 33. Qxe5 Nxd1 34. Bc5 $18) 33. Qe3
Nxd4 34. Qxd4 $1 {A surprising, but practical decision to exchange queens and
try something with active pieces.} (34. Rxd4 Be6 35. Bf1 (35. Bd3 Qb1+ 36. Qc1
Qxc1+ 37. Bxc1 Nc5 $17) 35... Nf6 36. c4 Ng4 37. Qf4 Qb3 $17) 34... Qxd4+ 35.
Rxd4 b5 36. Bd3 Ra7 (36... Be6 $2 37. Rxe4 $18) 37. Rd8 (37. Bxe4 fxe4 38. Rxe4
Rc7 39. Bf8 Bf5 40. Re7 Rxe7 41. Bxe7 Bxc2 $17) 37... Be6 (37... Bd7 38. g4 Kg6
39. Bb2 Be6 40. Bd4 Rc7 $17) 38. Re8 (38. g4 Rd7 39. Rxd7 (39. Re8 Bc4 $17)
39... Bxd7 40. c4 bxc4 41. Bxc4 a5 $17) 38... Bc4 $6 (38... Bf7 $1 39. Re5 Bg6
40. Re6 (40. c4 Rd7 41. Bxe4 fxe4 42. cxb5 axb5 43. h4 Ra7 $17) 40... h5 41. h3
$17) 39. Bxe4 fxe4 40. Rxe4 (40. Re7 Rxe7 41. Bxe7 e3 42. Bc5 e2 43. Bb4 Kg6
44. Kf2 Kf5 $17) 40... Rd7 $2 {I have to confess, that the very simple
possibility of the white rook retreat to e1 had slipped my attention. Shirov
admitted, that after 40...Rf7! White would have had to endure a tortuous
defence of the endangered position.} (40... Rf7 $1 41. Re1 a5 $17) (40... a5
41. Re7 $1 Ra6 42. Bb2 Rg6 43. Kf2 $15) 41. Bb4 Kg6 (41... Rd1+ 42. Re1 $15)
42. Re7 $1 (42. Kf2 Kf6 $17) 42... Rd1+ 43. Re1 Rxe1+ 44. Bxe1 $11 {The relief
on the opponent's face was very visible. Drawing the endgame of opposite
coloured bishops will be an easy task after nearly falling apart in the
middlegame.} Kf5 (44... Bd5 45. Ba5 Be4 46. c3 Kf5 47. Kf2 Ke6 48. g3 Kd5 49.
Ke3 $11) 45. Ba5 h5 46. g3 Ke4 47. Kf2 g5 48. c3 $1 g4 49. Bb4 Kd3 50. Ba5 Bf7
51. Bb4 Bg6 52. Ba5 Kc4 53. Ke3 Kb3 54. Kd2 Ka4 55. Bc7 a5 56. Bd8 b4 57. cxb4
axb4 58. Bf6 Kb3 59. Bg7 Kc4 1/2-1/2